| 000 | 01552cam a22002775a 4500 | ||
|---|---|---|---|
| 001 | 17216392 | ||
| 005 | 20160403143153.0 | ||
| 008 | 120319s2011 enka frb 001 0 eng d | ||
| 010 | _a 2012357011 | ||
| 020 | _a9780199603947 (acid-free paper) | ||
| 040 |
_aDLC _beng _cDLC _dEG-ScBUE |
||
| 082 | 0 | 4 |
_a303.625 _bTOW _222 |
| 100 | 1 |
_aTownshend, Charles. _939748 |
|
| 245 | 1 | 0 |
_aTerrorism : _ba very short introduction / _cCharles Townshend. |
| 250 | _aFully updated new ed. | ||
| 260 |
_aOxford ; _aNew York : _bOxford University Press, _c2011. |
||
| 300 |
_axii, 161 p. : _bill. ; _c18 cm. |
||
| 490 | 0 |
_aVery short introductions ; _v78 |
|
| 500 | _aIndex : p. 155-161. | ||
| 504 | _aBibliography : p. 145-154. | ||
| 520 | _aThis book charts a path through the outpouring of efforts to understand and explain modern terrorism, by asking what makes terrorism different from other forms of political, military action; what makes it effective; and what can be done about it. It unravels complex central questions such as whether terrorists are criminals, whether terrorism is a kind of war, what kind of threat terrorism represents, how far media publicity sustains terrorism, and whether democracy is especially vulnerable to terrorist attack. It examines the historical, ideological, and local roots of terrorist violence, and the success of specific terrorist and anti-terrorist campaigns in the more distant as well as the recent past. | ||
| 650 | 7 |
_aTerrorism. _2BUEsh _939744 |
|
| 651 | _2BUEsh | ||
| 653 |
_bEEENG _cMarch2016 |
||
| 942 | _2ddc | ||
| 999 |
_c21562 _d21534 |
||